Swamp monster in third grade / (Record no. 6594)

MARC details
000 -LEADER
fixed length control field 00972nam a22003017a 4500
001 - CONTROL NUMBER
control field 6594
003 - CONTROL NUMBER IDENTIFIER
control field FISKH
005 - DATE AND TIME OF LATEST TRANSACTION
control field 20250513093404.0
008 - FIXED-LENGTH DATA ELEMENTS--GENERAL INFORMATION
fixed length control field 250513b cb ||||| |||| 00| 0 eng d
020 ## - INTERNATIONAL STANDARD BOOK NUMBER
International Standard Book Number 9780439424417
040 ## - CATALOGING SOURCE
Original cataloging agency FISKH
Language of cataloging eng
Transcribing agency FISKH
Modifying agency FISKH
050 ## - LIBRARY OF CONGRESS CALL NUMBER
Classification number PZ7
082 ## - DEWEY DECIMAL CLASSIFICATION NUMBER
Classification number 521
100 ## - MAIN ENTRY--PERSONAL NAME
Personal name Dadey, Debbie
Dates associated with a name (1959-)
245 ## - TITLE STATEMENT
Title Swamp monster in third grade /
Statement of responsibility, etc. By Debbie Dadey ; Illustrations by Margeaux Lucas
250 ## - EDITION STATEMENT
Edition statement This edition first published in 2002
260 ## - PUBLICATION, DISTRIBUTION, ETC.
Place of publication, distribution, etc. New York :
Name of publisher, distributor, etc. Scholastic,
Date of publication, distribution, etc. 2002
300 ## - PHYSICAL DESCRIPTION
Extent 79 pages :
Other physical details illustrations ;
Dimensions 20 cm
505 ## - FORMATTED CONTENTS NOTE
Formatted contents note P<br/>
520 ## - SUMMARY, ETC.
Summary, etc. A swamp monster who has inexplicably turned into a boy in the third grade wants desperately to go back to his old self.<br/>
521 8# - TARGET AUDIENCE NOTE
Target audience note 640<br/>
Source Lexile<br/>
521 8# - TARGET AUDIENCE NOTE
Target audience note P<br/>
Source Raz-Plus<br/>
650 ## - SUBJECT ADDED ENTRY--TOPICAL TERM
Source of heading or term Swamp monster
Topical term or geographic name entry element Level M
650 ## - SUBJECT ADDED ENTRY--TOPICAL TERM
Source of heading or term School Themed
Topical term or geographic name entry element Principals office
700 ## - ADDED ENTRY--PERSONAL NAME
Personal name Lucas, Margeaux
Dates associated with a name illustrator
942 ## - ADDED ENTRY ELEMENTS (KOHA)
Source of classification or shelving scheme Dewey Decimal Classification
Koha item type Books
Suppress in OPAC No
Holdings
Withdrawn status Lost status Source of classification or shelving scheme Damaged status Not for loan Collection Home library Current library Shelving location Date acquired Total Checkouts Full call number Barcode Date last seen Copy number Price effective from Koha item type
    Dewey Decimal Classification     Juvenile Fiction Footprints International School Library Network Toul Tom Poung Campus Footprints International School Library Network Toul Tom Poung Campus TTP Primary Yellow Bookshelves 05/13/2025   DAD 521 PZ7 2025-1292 05/13/2025 1 05/13/2025 Books